000 00279nam a22001097a 4500
008 211013b ||||| |||| 00| 0 eng d
050 _aPeriodical
245 _aExchange
260 _aNetherlands
_bBrill Publishers
_c1990
300 _aNot specified
942 _2lcc
_cPERIODICAL
999 _c130761
_d130761